• 首页
  • 本馆介绍
  • 公告通知
  • 最新文献
  • 馆藏检索
  • 电子资源
  • 读者导购
  • 参考咨询
  • 我的图书馆
  • 登录
  • 详细信息显示
  • 放入我的书架
  • 预约/预借图书
  • 作者相关作品
  • 分类相关作品
  • 丛书相关作品
  • 出版社相关作品

书目信息

  • 表格格式
  • 工作单格式
  • 卡片格式
题名:
国际贸易地理
    
 
作者: 傅龙海 主编
分册:  
出版信息: 北京   对外经济贸易大学出版社  2013
页数: 321页
开本: 26cm
丛书名:
单 册:
中图分类: F742
科图分类:
主题词: 国际贸易--商业地理--高等学校--教材 , 国际贸易 , 商业地理
电子资源:
ISBN: 978-7-5663-0731-6
000 01081nam0 22002771 450
001 524
005 20140909101037.26
010    @a978-7-5663-0731-6@dCNY39.00
100    @a20131128d2013 em y0chiy50 ea
101 0  @achi
102    @aCN@b110000
105    @aa z 000yy
106    @ar
200 1  @a国际贸易地理@AGuo Ji Mao Yi Di Li@dInternational trade geography@f傅龙海主编@FFu Long Hai Zhu Bian@zeng
210    @a北京@c对外经济贸易大学出版社@d2013
215    @a321页@c图@d26cm
300    @a全国高等院校“十一五”规划教材
330    @a本书分为上下两篇,其中上篇主要介绍世界的人文环境、地理环境以及与国际贸易密切相关的大宗商品的地区分布、国际贸易的流向、国际市场的趋势;下篇主要介绍与中国有关的贸易伙伴、在国际上有一定经济影响力的国家(地区)的人文地理情况以及主要的商品贸易方向。
510 1  @aInternational trade geography@zeng
606 0  @a国际贸易@x商业地理@x高等学校@j教材
606 0  @a国际贸易
606 0  @a商业地理
690    @aF742@v5
701  0 @a傅龙海@AFu Long Hai@f(1948~)@4主编
801  0 @aCN@bTANGWEI@c20140603
905    @b0836262-64@dF742@e166@f3
    
    国际贸易地理=International trade geography/傅龙海主编.-北京:对外经济贸易大学出版社,2013
    321页:图;26cm
    全国高等院校“十一五”规划教材
    
    ISBN 978-7-5663-0731-6:CNY39.00
    本书分为上下两篇,其中上篇主要介绍世界的人文环境、地理环境以及与国际贸易密切相关的大宗商品的地区分布、国际贸易的流向、国际市场的趋势;下篇主要介绍与中国有关的贸易伙伴、在国际上有一定经济影响力的国家(地区)的人文地理情况以及主要的商品贸易方向。
●
相关链接 在E读中查询图书 在五车中查询图书 在当当中查询图书 在豆瓣中查询图书


正题名:国际贸易地理     索取号:F742/166         预约/预借

序号 登录号 条形码 馆藏地/架位号 状态 备注
1 0836262   208362626   第一样本阅览室/ [索取号:F742/166] 在馆    
2 0836263   208362635   密集书库-海洋学院/ [索取号:F742/166] 在馆    
3 0836264   208362644   第一借阅区/ [索取号:F742/166] 在馆    
唐山师范学院图书馆 欢迎您!
大连网信软件有限公司© 版权所有